| 000 | 00422nam a2200157Ia 4500 | ||
|---|---|---|---|
| 008 | 230917s9999||||xx |||||||||||||| ||und|| | ||
| 040 |
_e108323 _aMAIN |
||
| 041 | _aEnglish | ||
| 082 | _a658.409 G569G | ||
| 100 | _aGoldratt, Eliyahu M | ||
| 245 | 4 | _aThe goal: a process of on going improvement | |
| 250 | _a2nd ed. | ||
| 260 |
_aMadras _bProductivity and quality publishing _c2004 |
||
| 300 | _a349p p. | ||
| 942 | _cBK | ||
| 999 |
_c120297 _d120297 |
||